00992nam a22002297a 450000100060000000300060000600500170001200800410002902000180007004000290008805000140011708200100013110000200014124501070016126000360026830000480030450500070035252003030035952100270066252100180068965000550070710083FISKH20260407095708.0260407b cb ||||| |||| 00| 0 eng d a9788956355160 aFISKHbengcFISKHdFISKH aPZ8.2.C43 a398.2 aSormark, Julie  aThe donkey and the load of salt / cThrough the art style of William Turner ; Retold by Julie Sormark  aSeoul : bArt Classic, c2010.  a33 pages : bcolor illustrations ; c24 cm  aJ  aA merchant’s donkey carries salt to market, but when it slips into a river, the load lightens. Thinking this is clever, the donkey repeats it, until the merchant loads it with wet sponges instead. The donkey learns that shortcuts can backfire, teaching a lesson about consequences and cleverness.8 a500 bLexile estimate 8 aJ bRaz-Plus  aFable Aesop’s vChildren’s LiteraturexFables